000 00408pam a2200157a 44500
008 230515b2021 xxu||||| |||| 00| 0 eng d
020 _aNULL
041 _aENGLISH
082 _a617.05
100 _aSACHDEVA S K
245 _aCOMPETENCY BASED LOGBOOK IN AETCOM MEDICAL HUMANITIES SPORTS AND EXTRACURRICULAR ACTIVATIES
250 _a1
260 _a
_bC B S PUB
_c2021
300 _a119
650 _aNULL
999 _c565487
_d565487